| 000 | 00596nam a2200193 a 4500 | ||
|---|---|---|---|
| 005 | 20220830154253.0 | ||
| 008 | 991125s1995 mx 000 0 spa u | ||
| 020 | _a9682979056 | ||
| 035 | _aUPN01000004465 | ||
| 049 | _aCG | ||
| 050 | 4 |
_aD200 _bF7.28 |
|
| 100 | 1 |
_aFrey, Herbert, _d1949- _933096 |
|
| 245 | 1 | 3 |
_aLa arqueología negada del nuevo mundo : _bEuropa, América y el surgimiento de la modernidad / _cHerbert Frey. |
| 260 |
_aMéxico : _bCNCA, _c1995. |
||
| 300 | _a313 p. | ||
| 650 | 7 |
_aEdad Media _xHistoria _2 _910179 |
|
| 650 | 4 |
_aEDAD MEDIA - _xVIDA INTELECTUAL _914640 |
|
| 905 | _aLibro | ||
| 999 |
_c4465 _d4465 |
||